000 00385nam a2200145Ia 4500
008 230917s9999||||xx |||||||||||||| ||und||
040 _e144627
_aMAIN
041 _aEnglish
082 _a784 S64M
100 _aSinha, Surekha
245 0 _aMadhyayaugeen shastriya snageet ke aadhar stambh ashtsakha
260 _aJaipur
_bPunchshil Prakashan
_c1997
300 _a131p p.
942 _cBK
999 _c99099
_d99099